000 00898nas a2200277 4500
001 BR0200851
003 BR-BrBNA
005 20231205102736.0
007 ta
008 230509b bl.|||p| |||| 00| 00por d
040 _aBR-BrBNA
_bpor
_cBiblioteca Nacional de Agricultura
041 _a(Pt)
072 _aF62
100 1 _aVarela, V.P.
100 1 _aGurgel, E.S.C.
111 1 _dCalopogonium mucunoides Desv)- Leguminosae, Papilionoideae
245 1 _aTratamentos pré-germinativos em sementes de calopogônio (Calopogonium mucunoides Desv)- Leguminosae, Papilionoideae
650 _aCalopogônio
650 _aSemente
650 _aGerminação
650 _aDormência
650 _aPlântula
773 0 _tRevista de Ciências Agrárias (Brazil)
_xISSN 1517-591X
_g(Jan-Jul 2001), (no.35) p. 89-96
_wBR0200851
909 _a202311
_bLúcia
_c55
_dLúcia Elande
942 _2AGRIS
_n0
_cANA
999 _c169098
_d169098